000 00991cam a2200241 i 4500
999 _c3632
_d3632
005 20200310123847.0
008 160822s2014 ii a 000 0 eng
020 _a9789384204013
040 _aDLC
_beng
_cDLC
_erda
_dDLC
042 _alcode
_apcc
043 _aa-ii---
082 _a729
_bCHH
100 1 _aChhaya, Neelkanth,
_eauthor.
245 1 0 _aHarnessing the intangible :
_bcollected essays on the work of Balkrishna Doshi /
_ccontributing authors, Neelkanth Chhaya, Dinesh and Meera Mehta, Durganand Balsawar, Rajeev Kathpalia, Riyaz Tayyibji.
300 _a132 pages :
_billustrations ;
_c24 cm
520 _aContributed articles.
600 1 0 _aDoshi, Balkrishna V.
_xHistory and criticism.
650 0 _aArchitecture
_zIndia
_xHistory
_y20th century.
710 2 _aNational Institute of Advanced Studies in Architecture (India),
_epublisher.
906 _a7
_bcbc
_corigode
_d3
_encip
_f20
_gy-gencatlg
942 _2ddc